000 00906cad a22002295a 4500
001 E153782
008 120619s2011 xxk f 000 0 eng d
035 _a(Sirsi) u153782
041 0 _aeng
050 0 4 _a333.33 $2 18
110 2 _aSavills
_92020
245 0 0 _aEdinburgh office survey
_bSummer 2011
_h[electronic resource]
260 _aEdinburgh
_bSavills
_c2011
490 0 _aSavills Edinburgh Office Survey
520 _aSuggests that take-up is up on the same period last year, and that availability is continuing to fall. Predicts that 2012 will see headline rental growth emerging.
521 _aAdvanced
590 _aKA
651 4 _aEdinburgh
690 _aPROPERTY-COMMERCIAL PROPERTY-COMMERCIAL PROPERTY MARKET
856 4 0 _uhttps://pdf.euro.savills.co.uk/uk/commercial---other/edinburgh-offices-jul-11.pdf
_zView the report after free registration at www.savills.co.uk
942 _n0
999 _c112697
_d112697